Prefix Click Quiz: V - Statistics

General Stats
  • This quiz has been taken 146 times
    135 since last reset
  • The average score is 12 of 15
Answer Stats
Hint Answer % Correct
Voice Voc-
91%
Quick Veloc-
90%
Wine Vin-
90%
See Vis-
90%
Green Verd-
89%
Live Viv-
89%
Steam Vap-
79%
Word Verb-
79%
Fox Vulp-
78%
Thick Visc-
76%
Wind Vent-
73%
Cow Vacc-
69%
Spring Vern-
67%
Discharge Vom-
63%
Old Veter-
60%
No matching quizzes found
Score Distribution
Percent of People with Each Score
Percentile by Number Answered
Your Score History
You have not taken this quiz since the last reset